[Event "Zaporozhye Ermak Cup 6th"]
[Site "Zaporozhye"]
[Date "2010.06.25"]
[Round "4"]
[White "Kononenko, Alexander"]
[Black "Kharchenko, Boris"]
[Result "1/2-1/2"]
[WhiteElo "2272"]
[BlackElo "2448"]
[PlyCount "82"]
[EventDate "2010.06.23"]
[EventType "swiss"]
[EventRounds "9"]
[EventCountry "UKR"]
[SourceTitle "CBM 137 Extra"]
[Source "ChessBase"]
[SourceDate "2010.09.01"]
[SourceVersion "1"]
[SourceVersionDate "2010.09.01"]
[SourceQuality "1"]

1. c4 e5 2. Nc3 Nc6 3. g3 d6 4. Bg2 Be6 5. d3 Qd7 6. Rb1 g6 7. b4 Bg7 8. h4 h6 9. Bd2 Nd8 10. e4 f5 11. Nge2 Nf6 12. Nd5 c6 13. Nxf6+ Bxf6 14. Qc1 Nf7 15. Nc3 Bg7 16. b5 0-0 17. bxc6 bxc6 18. Qa3 Rab8 19. Rb3 Rxb3 20. axb3 f4 21. Ne2 d5 22. Bb4 Rb8 23. exd5 cxd5 24. 0-0 dxc4 25. bxc4 Bh3 26. f3 fxg3 27. Nxg3 Qd4+ 28. Kh2 Bxg2 29. Kxg2 Qxh4 30. Bd2 Ng5 31. Bxg5 Qxg5 32. Qxa7 Rd8 33. c5 e4 34. f4 Qg4 35. Qa2+ Kh7 36. Qe2 Qxe2+ 37. Nxe2 exd3 38. Ng3 d2 39. Rd1 Bc3 40. Ne4 Ba5 41. Kf3 Kg7 1/2-1/2

[Event "Zaporozhye Ermak Cup 6th"]
[Site "Zaporozhye"]
[Date "2010.06.24"]
[Round "3"]
[White "Kononenko, Dmitry1"]
[Black "Kononenko, Alexander"]
[Result "0-1"]
[WhiteElo "2267"]
[BlackElo "2272"]
[PlyCount "122"]
[EventDate "2010.06.23"]
[EventType "swiss"]
[EventRounds "9"]
[EventCountry "UKR"]
[SourceTitle "CBM 137 Extra"]
[Source "ChessBase"]
[SourceDate "2010.09.01"]
[SourceVersion "1"]
[SourceVersionDate "2010.09.01"]
[SourceQuality "1"]

1. e4 g6 2. d4 Bg7 3. f4 d5 4. e5 h5 5. c4 c6 6. Nc3 Nh6 7. cxd5 cxd5 8. Qb3 Nc6 9. Nf3 0-0 10. Be3 Bg4 11. Qxb7 Rc8 12. Be2 Nf5 13. Bf2 Bxf3 14. Bxf3 Ncxd4 15. Bxd4 Nxd4 16. 0-0 Nxf3+ 17. Rxf3 Rb8 18. Qxa7 Rxb2 19. Qd4 e6 20. a4 Qb6 21. Qxb6 Rxb6 22. a5 Rb4 23. Rb1 Rc4 24. Rb6 Ra8 25. a6 Bf8 26. Kf1 Bc5 27. Rc6 Bb4 28. Rxc4 dxc4 29. Na2 Be7 30. Rc3 Rxa6 31. Rc2 Kh7 32. Nc3 f6 33. Ne4 Rc6 34. Ke2 fxe5 35. fxe5 g5 36. Ke3 Bd8 37. Nd6 Bb6+ 38. Ke4 c3 39. Kd3 Rc5 40. Nc4 Rd5+ 41. Kxc3 Bd4+ 42. Kb4 Bxe5 43. Nxe5 Rxe5 44. Kc4 Re1 45. Kd4 Kg6 46. Rf2 g4 47. Kd3 Re5 48. Ra2 Kf5 49. Ra8 Rb5 50. Rf8+ Ke5 51. Rh8 Kf4 52. Rh6 Rd5+ 53. Ke2 e5 54. Rxh5 Ra5 55. g3+ Ke4 56. Kf2 Kd3 57. Rf5 Ra2+ 58. Kg1 e4 59. Rg5 e3 60. Re5 Ra1+ 61. Kg2 e2 0-1

[Event "Orel"]
[Site "Orel"]
[Date "2009.06.28"]
[Round "3"]
[White "Skurikhin, Dmitrij"]
[Black "Kononenko, Alexander"]
[Result "1/2-1/2"]
[WhiteElo "2348"]
[BlackElo "2252"]
[PlyCount "99"]
[EventDate "2009.06.26"]
[EventType "tourn"]
[EventRounds "9"]
[EventCountry "RUS"]
[EventCategory "1"]
[SourceTitle "CBM 131 Extra"]
[Source "ChessBase"]
[SourceDate "2009.09.03"]
[SourceVersion "2"]
[SourceVersionDate "2009.09.16"]
[SourceQuality "1"]

1. d4 d5 2. c4 e6 3. Nc3 Nf6 4. Bg5 Be7 5. e3 Nbd7 6. Qc2 0-0 7. Nf3 a6 8. cxd5 exd5 9. Bd3 c6 10. 0-0 h6 11. Bh4 Ne8 12. Bg3 Ndf6 13. h3 Nd6 14. Ne5 Be6 15. f4 Nh5 16. Bh2 f5 17. g4 Nf6 18. gxf5 Bc8 19. Kh1 Nfe8 20. f6 Nxf6 21. f5 Nfe4 22. Nxe4 dxe4 23. Bxe4 Nxe4 24. Qxe4 Bg5 25. Rf3 Qd5 26. Qxd5+ cxd5 27. Raf1 b6 28. Ng6 Re8 29. Be5 Bf6 30. Rg3 Kf7 31. Rc1 Ra7 32. Bxf6 gxf6 33. Rcg1 Bxf5 34. Nf4 Rd7 35. Rg7+ Kf8 36. Rg8+ Ke7 37. Rxe8+ Kxe8 38. Rc1 Re7 39. Rc3 Kd7 40. Kg1 Be4 41. Kf2 Rg7 42. b4 Kd6 43. a3 Bf5 44. a4 Rb7 45. Kg3 Bd7 46. a5 bxa5 47. bxa5 Rb5 48. Ra3 Ke7 49. Ne2 Rb2 50. Nf4 1/2-1/2

[Event "Anapa2"]
[Site "Anapa"]
[Date "2008.09.16"]
[Round "11"]
[White "Kononenko, Alexander"]
[Black "Pudovkin, Dmitry"]
[Result "1-0"]
[WhiteElo "2324"]
[BlackElo "2317"]
[PlyCount "103"]
[EventDate "2008.09.09"]
[EventType "tourn"]
[EventRounds "11"]
[EventCountry "RUS"]
[EventCategory "4"]
[SourceTitle "EXT 2010"]
[Source "ChessBase"]
[SourceDate "2010.11.25"]
[SourceVersion "1"]
[SourceVersionDate "2010.11.25"]
[SourceQuality "1"]

1. c4 Nf6 2. Nc3 e6 3. e4 d5 4. exd5 exd5 5. cxd5 Nxd5 6. d4 Be7 7. Nf3 c6 8. Bd3 0-0 9. 0-0 Bg4 10. Re1 Nxc3 11. bxc3 Nd7 12. Rb1 Nb6 13. Qe2 Be6 14. c4 Qc7 15. Qe4 g6 16. Bf4 Qd8 17. Bh6 Re8 18. c5 Nd7 19. Rxb7 Qc8 20. Ba6 Bd5 21. Qf4 Qd8 22. Bd3 a5 23. Qc7 Qxc7 24. Rxc7 Bf8 25. Bd2 Rxe1+ 26. Bxe1 Nf6 27. Ne5 Bxa2 28. Nxc6 a4 29. Ra7 Rxa7 30. Nxa7 Bd5 31. Nb5 Bc6 32. Bc4 Kg7 33. Nc3 Bd7 34. Bd2 Be7 35. Kf1 h5 36. Ke2 Kf8 37. f3 Ke8 38. Kd3 h4 39. Bb5 a3 40. Bxd7+ Kxd7 41. Bc1 Bd8 42. Bxa3 Bc7 43. h3 Ba5 44. Ne4 Nd5 45. Kc4 Ne3+ 46. Kb5 Bd8 47. Bc1 Nxg2 48. d5 f5 49. c6+ Kc8 50. Nd6+ Kb8 51. Ne8 g5 52. Bb2 1-0

[Event "Anapa2"]
[Site "Anapa"]
[Date "2008.09.11"]
[Round "4"]
[White "Kononenko, Alexander"]
[Black "Stambulian, Arsen"]
[Result "1/2-1/2"]
[WhiteElo "2324"]
[BlackElo "2393"]
[PlyCount "32"]
[EventDate "2008.09.09"]
[EventType "tourn"]
[EventRounds "11"]
[EventCountry "RUS"]
[EventCategory "4"]
[SourceTitle "EXT 2010"]
[Source "ChessBase"]
[SourceDate "2010.11.25"]
[SourceVersion "1"]
[SourceVersionDate "2010.11.25"]
[SourceQuality "1"]

1. d4 Nf6 2. c4 g6 3. Nc3 d5 4. cxd5 Nxd5 5. e4 Nxc3 6. bxc3 Bg7 7. Bc4 c5 8. Ne2 Nc6 9. Be3 0-0 10. 0-0 Bg4 11. f3 Bd7 12. Rb1 Qc7 13. Bf4 Qc8 14. dxc5 Be6 15. Bxe6 Qxe6 16. Rxb7 Qxa2 1/2-1/2

[Event "Anapa2"]
[Site "Anapa"]
[Date "2008.09.09"]
[Round "1"]
[White "Kostromin, Mikhail"]
[Black "Kononenko, Alexander"]
[Result "1/2-1/2"]
[WhiteElo "2363"]
[BlackElo "2324"]
[PlyCount "34"]
[EventDate "2008.09.09"]
[EventType "tourn"]
[EventRounds "11"]
[EventCountry "RUS"]
[EventCategory "4"]
[SourceTitle "EXT 2010"]
[Source "ChessBase"]
[SourceDate "2010.11.25"]
[SourceVersion "1"]
[SourceVersionDate "2010.11.25"]
[SourceQuality "1"]

1. d4 Nf6 2. c4 g6 3. Nc3 Bg7 4. e4 d6 5. Nf3 0-0 6. Be2 e5 7. 0-0 Nc6 8. Be3 Ng4 9. Bg5 f6 10. Bh4 g5 11. Bg3 h5 12. h3 Nh6 13. d5 Ne7 14. Ne1 h4 15. Bh2 Ng6 16. Nd3 f5 17. exf5 Bxf5 1/2-1/2

[Event "Anapa"]
[Site "Anapa"]
[Date "2008.09.08"]
[Round "15"]
[White "Maiorov, Oleg Ivanovich"]
[Black "Kononenko, Alexander"]
[Result "1/2-1/2"]
[WhiteElo "2444"]
[BlackElo "2324"]
[PlyCount "32"]
[EventDate "2008.08.31"]
[EventType "tourn"]
[EventRounds "15"]
[EventCountry "RUS"]
[EventCategory "3"]
[SourceTitle "CBM 126 Extra"]
[Source "ChessBase"]
[SourceDate "2008.11.05"]
[SourceVersion "1"]
[SourceVersionDate "2008.11.05"]
[SourceQuality "1"]

1. e4 e5 2. Nf3 Nf6 3. Nxe5 d6 4. Nf3 Nxe4 5. Qe2 Qe7 6. d3 Nf6 7. Nc3 Qxe2+ 8. Bxe2 Be7 9. 0-0 0-0 10. Bg5 h6 11. Bxf6 Bxf6 12. Rfe1 Bg4 13. h3 Bh5 14. Nh2 Bxe2 15. Rxe2 Bxc3 16. bxc3 Nc6 1/2-1/2

[Event "Anapa"]
[Site "Anapa"]
[Date "2007.09.??"]
[Round "3"]
[White "Fomichenko, Eduard"]
[Black "Kononenko, Alexander"]
[Result "0-1"]
[WhiteElo "2445"]
[BlackElo "2321"]
[PlyCount "100"]
[EventDate "2007.09.??"]
[EventType "tourn"]
[EventRounds "11"]
[EventCountry "RUS"]
[EventCategory "2"]
[SourceTitle "EXT 2009"]
[Source "ChessBase"]
[SourceDate "2008.11.26"]
[SourceVersion "1"]
[SourceVersionDate "2008.11.26"]
[SourceQuality "1"]

1. Nf3 c5 2. c4 b6 3. g3 Bb7 4. Bg2 g6 5. d4 cxd4 6. Qxd4 Nf6 7. 0-0 Bg7 8. Nc3 0-0 9. Qh4 Bxf3 10. Bxf3 Nc6 11. Bh6 Rc8 12. Bxg7 Kxg7 13. Qf4 Qc7 14. Rfd1 Ne5 15. b3 Nxf3+ 16. Qxf3 Qc6 17. Qf4 Qe6 18. Qd4 Kg8 19. e4 d6 20. Re1 Rfe8 21. e5 dxe5 22. Rxe5 Qh3 23. f3 Rcd8 24. Nd5 Nxd5 25. Rxd5 Rxd5 26. Qxd5 e5 27. Rd1 Qf5 28. Kg2 Kg7 29. Rd2 h5 30. h4 Re7 31. c5 bxc5 32. Qxc5 Re6 33. Qxa7 g5 34. Qe3 gxh4 35. Qe4 Qg5 36. Qe1 e4 37. fxe4 Qg4 38. Re2 Rg6 39. Re3 Qf4 40. a4 Kh7 41. Rf3 h3+ 42. Kf2 Qc7 43. Qc3 Rc6 44. Qe1 Rc2+ 45. Kg1 Rg2+ 46. Kh1 Qc2 47. Qf1 Kg8 48. Rxf7 Rh2+ 49. Kg1 Qg2+ 50. Qxg2 Rxg2+ 0-1

[Event "Anapa"]
[Site "Anapa"]
[Date "2007.09.??"]
[Round "8"]
[White "Maiorov, Oleg Ivanovich"]
[Black "Kononenko, Alexander"]
[Result "1/2-1/2"]
[WhiteElo "2469"]
[BlackElo "2321"]
[PlyCount "44"]
[EventDate "2007.09.??"]
[EventType "tourn"]
[EventRounds "11"]
[EventCountry "RUS"]
[EventCategory "2"]
[SourceTitle "EXT 2009"]
[Source "ChessBase"]
[SourceDate "2008.11.26"]
[SourceVersion "1"]
[SourceVersionDate "2008.11.26"]
[SourceQuality "1"]

1. e4 c5 2. Nc3 e6 3. g3 d5 4. exd5 exd5 5. Bg2 d4 6. Nd5 Nc6 7. Qe2+ Nge7 8. c4 Bf5 9. d3 Qd7 10. Bg5 0-0-0 11. Bxe7 Bxe7 12. 0-0-0 Rhe8 13. Qc2 Bg4 14. Rf1 Be6 15. a3 Bd6 16. Ne2 Bxd5 17. Bxd5 Re7 18. Kb1 Rde8 19. Nc1 f5 20. Qd2 Ne5 21. Re1 Ng4 22. Rxe7 Qxe7 1/2-1/2

[Event "Anapa-A"]
[Site "Anapa"]
[Date "2006.09.??"]
[Round "?"]
[White "Demchenko, Anton"]
[Black "Kononenko, Alexander"]
[Result "0-1"]
[WhiteElo "2421"]
[BlackElo "2358"]
[PlyCount "108"]
[EventDate "2006.09.??"]
[EventType "tourn"]
[EventRounds "11"]
[EventCountry "RUS"]
[EventCategory "1"]
[SourceTitle "EXT 2010"]
[Source "ChessBase"]
[SourceDate "2010.11.25"]
[SourceVersion "1"]
[SourceVersionDate "2010.11.25"]
[SourceQuality "1"]

1. e4 c5 2. Nf3 e6 3. d4 cxd4 4. Nxd4 a6 5. Nc3 Qc7 6. Be3 Bb4 7. Nde2 Nf6 8. a3 Be7 9. h3 b5 10. g4 Bb7 11. Bg2 d6 12. 0-0 h6 13. f4 Nbd7 14. Qd2 Nb6 15. b3 Rc8 16. Bd4 e5 17. Be3 Nbd7 18. f5 Nc5 19. Nd5 Bxd5 20. exd5 Nce4 21. Qb4 Nc3 22. Nxc3 Qxc3 23. Bf2 0-0 24. Rfc1 Nd7 25. Be1 Qc7 26. c4 Bg5 27. Rc3 Qb6+ 28. Kh1 Nc5 29. cxb5 axb5 30. Bf1 Rb8 31. Rd1 Rfe8 32. Bf2 Be7 33. h4 e4 34. Rh3 Qd8 35. Qe1 Bf6 36. Be3 Nd3 37. Bxd3 exd3 38. Rxd3 Qe7 39. Qb4 Rbc8 40. Bf2 Rc1+ 41. Bg1 Qe2 42. Qf4 Rf1 43. Qg3 Re4 44. Qg2 Qe1 45. Rdf3 Rxf3 46. Qxf3 Bd4 47. Qg3 Bxg1 48. Qxg1 Qd2 49. Rh2 Qxd5 50. Rg2 Rxg4 51. Kh2 Rxh4+ 52. Kg3 Qe4 53. Qc1 Rg4+ 54. Kf2 Rxg2+ 0-1